000
00402nam a2200145Ia 4500
008
100122s9999 xx 000 0 und d
082
_b
10696
_a
170
100
_a
आपटे ना ह
245
_a
गृहसौख्य
260
_b
आपटे आणि मंडळी
_c
1946
300
_a
260
630
_a
गृहसौख्य
730
_a
गृहसौख्य
942
_c
BOOK
999
_c
402289
_d
402286